| 000 | 00468nam a2200145Ia 4500 | ||
|---|---|---|---|
| 008 | 231129s2002||||xx |||||||||||||| ||spa|| | ||
| 020 | _a84-95787-15-6 | ||
| 040 | _bspa | ||
| 082 | _a658.406 D834m | ||
| 100 | _aDuck Jeanie Daniel | ||
| 245 | 0 | _aEl monstruo del cambio: el factor humano como elemento decisivo para estimular o frustrar el cambio en la empresa | |
| 260 | _c2002 | ||
| 264 | _aEmpresa Activa | ||
| 942 |
_2ddc _cBKS |
||
| 999 |
_c11751 _d11751 |
||